• 首页
  • 本馆介绍
  • 公告通知
  • 最新文献
  • 馆藏检索
  • 电子资源
  • 读者导购
  • 参考咨询
  • 我的图书馆
  • 登录
  • 详细信息显示
  • 放入我的书架
  • 预约/预借图书
  • 作者相关作品
  • 分类相关作品
  • 丛书相关作品
  • 出版社相关作品

书目信息

  • 表格格式
  • 工作单格式
  • 卡片格式
书名: 国际共通语词典
作者: 马宾, 林立编.
分册号: [专著] /
分册名:
出版地: 北京 :
 
出版社: 中国展望出版社
出版时间: 1986.
页数: 742页 ;
开本: 24cm.
丛书名:
中图分类号:
科图分类号:
其他分类号: H316
主题词:
电子资源:
000 00528nam 2200205 a 4500
001 0186017370
005 20070302082357.32
008 900809d1986 ch 0 eng0
020    @cCNY18.90.
040    @dNLC@beng
041    @aeng @ager @afre @arus @achi
090    @aH061 @v3
090    @aH316
099    @dH316@ex158
100 1  @a马宾 @4编
245 10 @a国际共通语词典@h[专著] / @c马宾, 林立编.
260 1  @a北京 :@b中国展望出版社,@c1986.
300    @a742页 ;@c24cm.
650 04 @a词典 @x英、德、法、俄
700 1  @a林立 @4编
    
    国际共通语词典 [[专著] / ] / 马宾, 林立编.-北京 : : 中国展望出版社, , 1986.
    742页 ; ; 24cm.
    
    
    ISBN CNY18.90.
    
●
相关链接 在E读中查询图书 在五车中查询图书 在当当中查询图书 在豆瓣中查询图书


正题名:国际共通语词典     索取号:H316/x158         预约/预借

序号 登录号 条形码 馆藏地/架位号 状态 备注
1 165893   000875529   密集书库/ [索取号:H316/x158] 在馆    
2 165894   000875501   密集书库/ [索取号:H316/x158] 在馆    
3 165896   000875413   密集书库/ [索取号:H316/x158] 在馆    
唐山师范学院图书馆 欢迎您!
大连网信软件有限公司© 版权所有